Name that landmark #3 - Statistics

General Stats
  • This quiz has been taken 21 times
  • The average score is 16 of 25
Answer Stats
Questions Answer % Correct
1) This iconic building in New York was once the tallest in the world, built in 1930 Empire State Building
100%
4) This iconic sign in the mountains overlooking Los Angeles is a symbolof the long standing film industry Hollywood
95%
8) This "house" on Pennsylvania Ave in Washington DC is home to the president of the United States White House
95%
12) Famous palace complex west of Paris, home to the French royals commissioned by King Louis XIV Versailles
90%
25) This massive national park in southern Florida is a remote section of swamp land and wet plains Everglades
85%
18) This massive 5 sided building in Arlington, VA is the HQ of the US Dept of Defense Pentagon
85%
17) Famous Anglican Church/Abbey in the center of London, the site of 40 British coronations to the monarchy since 1066 Westminster Abbey
85%
10) Iconic cable suspension bridge spans the East River of NYC between Manhattan and Brooklyn, opened in 1883 Brooklyn Bridge
80%
6) This massive mountain is the highest in Africa, sitting high above theTanzanian savannah Kilimanjaro
80%
21) Large lake (or loch) in the northern Scottish highlands made famous by the legend of a massive sea monster named Nessie Loch Ness
80%
13) Observation tower overlooking the city of Toronto, Ontario, the tallest tower in Canada CN Tower
75%
7) This iconic ferris wheel overlooks the south bank of the Thames river, the tallestin Europe London Eye
75%
14) Dual connected skyscrapers overlooking Kuala Lumpur, Malaysia. Over 1400 ft tall Petronas Towers
75%
15) Iconic square park in the middle of Manhattan, New York City Central Park
65%
16) Massive waterfall complex on the border of Brazil and Argentina Iguazu Falls
65%
5) This massive basilica in Vatican City is the burial site of the first pope and heart of the Catholic church St Peters Basilica
65%
9) This fountain in the heart of Rome is said to bring a return trip to those who toss a coin into its waters Trevi Fountain
65%
11) Home to the Boston Red Sox, this famous ballpark opened in 1912 and has been played in ever since Fenway Park
50%
22) Famous church in Vatican City painted by Michelangelo, the official residency of the Pope Sistine Chapel
50%
23) Massive complex burial site of over 6 million people beneath the city of Paris. Many tunnels are off limits due to collapse Catacombs
45%
2) Island commune off the coast of Normandy, France, famous forits castle and fortress-like build Mont Saint Michel
35%
20) Massive carved sculptures unearthed near Xian, China, to protect Emperor Shi Huang in the after life Terracotta Warriors
35%
3) Turin, Italy contains this Christian miracle cloth of Jesus Shroud of Turin
30%
24) Large cemetery in northern Virginia, the burial site of thousands who served in the military. The largest in the US Arlington National Cemetery
25%
19) Massive limestone statue in Giza, Egypt honoring the feline as royalty and status ofancient Egypt Great Sphinx
15%
No matching quizzes found
Score Distribution
Percent of People with Each Score
Percentile by Number Answered
Your Score History
You have not taken this quiz